[Event "Novi Becej op 25th"]
[Site "Novi Becej"]
[Date "2007.06.15"]
[Round "7"]
[White "Jefic, Stefan"]
[Black "Jevtic, Miroljub L"]
[Result "0-1"]
[WhiteElo "2103"]
[BlackElo "2132"]
[PlyCount "134"]
[EventDate "2007.06.09"]
[EventType "swiss"]
[EventRounds "9"]
[EventCountry "YUG"]
[SourceTitle "CBM 118 Extra"]
[Source "ChessBase"]
[SourceDate "2007.07.04"]
[SourceVersion "1"]
[SourceVersionDate "2007.07.04"]
[SourceQuality "1"]

1. e4 e5 2. Nf3 Nc6 3. Bb5 a6 4. Ba4 d6 5. 0-0 Be7 6. c3 Nf6 7. Re1 0-0 8. d3 Bg4 9. Nbd2 Nd7 10. h3 Bh5 11. Nf1 Bh4 12. Ne3 Bg5 13. g4 Bxe3 14. Bxe3 Bg6 15. Kg2 b5 16. Bc2 h5 17. Qe2 Nf6 18. Bg5 Qd7 19. Nh2 hxg4 20. hxg4 Nh7 21. Be3 f6 22. Nf1 Bf7 23. Ng3 Ng5 24. Rh1 g6 25. Rh4 Kg7 26. Qd2 Qe7 27. Rah1 Rh8 28. Rh5 Be6 29. Rxh8 Rxh8 30. Rxh8 Kxh8 31. Bxg5 fxg5 32. f3 Bxa2 33. b3 Na5 34. Qd1 Qf7 35. c4 Nc6 36. Ne2 Nb4 37. Nc3 c6 38. Qd2 Qf4 39. Qxf4 gxf4 40. Bd1 Kg7 41. g5 Kf7 42. Kf1 Ke6 43. Ke2 Kd7 44. Kd2 Kc7 45. Bc2 Kb6 46. Kc1 Bxb3 47. Bxb3 Nxd3+ 48. Kd2 Nc5 49. Kc2 Ne6 50. Kd3 Nxg5 51. Bd1 Ne6 52. cxb5 axb5 53. Ne2 Ka5 54. Ng1 Kb4 55. Nh3 c5 56. Nf2 c4+ 57. Kc2 Nd4+ 58. Kc1 Kc3 59. Ng4 Kd3 60. Nf6 b4 61. Nd5 b3 62. Nb4+ Ke3 63. Nd5+ Kf2 64. Nb6 c3 65. Bxb3 Nxb3+ 66. Kc2 Nc5 67. Kxc3 Kxf3 0-1

[Event "Novi Becej op 25th"]
[Site "Novi Becej"]
[Date "2007.06.10"]
[Round "2"]
[White "Radosavljevic, Slobodan D"]
[Black "Jefic, Stefan"]
[Result "1-0"]
[WhiteElo "2247"]
[BlackElo "2103"]
[PlyCount "70"]
[EventDate "2007.06.09"]
[EventType "swiss"]
[EventRounds "9"]
[EventCountry "YUG"]
[SourceTitle "CBM 118 Extra"]
[Source "ChessBase"]
[SourceDate "2007.07.04"]
[SourceVersion "1"]
[SourceVersionDate "2007.07.04"]
[SourceQuality "1"]

1. c4 f5 2. g3 Nf6 3. Bg2 g6 4. Nf3 Bg7 5. 0-0 0-0 6. Nc3 d6 7. d3 e5 8. Rb1 h6 9. b4 c6 10. b5 Be6 11. bxc6 bxc6 12. Ba3 Re8 13. Qc2 Bf7 14. Nd2 d5 15. cxd5 cxd5 16. Nb5 Na6 17. Qa4 Nc7 18. Nd6 Re6 19. Nxf7 Kxf7 20. Rfc1 Kg8 21. Rb7 Ra6 22. Qb3 Ne6 23. Be7 Qe8 24. Bxf6 Bxf6 25. Bxd5 Kh8 26. Bxe6 Rxe6 27. Rcc7 a5 28. Rh7+ Kg8 29. Rhe7 Bxe7 30. Qxe6+ Kf8 31. Qxe5 Rc8 32. Nc4 Rd8 33. h4 h5 34. a4 Rd7 35. Rxd7 Qxd7 1-0